| 000 | 00830nam2a22002291 4500 | ||
|---|---|---|---|
| 001 | rc\2308804 | ||
| 005 | 20250623074017.0 | ||
| 035 | _a(NLR Aleph) 006670146 | ||
| 090 |
_a4980551 _c4980551 |
||
| 100 | _a20110829d1977 |||y0rusy50 ca | ||
| 101 | 0 | _arus | |
| 102 | _aRU | ||
| 105 | _aa z ||||| | ||
| 200 | 0 | _a[Вып. 1] | |
| 210 |
_d1977 _aБ. м. |
||
| 215 |
_a176 с. _cил. |
||
| 461 | 0 |
_1001rc\2308803 _12001#$aЧисло и мысль$eсборник$f[предисл. Н.Н. Моисеева, чл.-кор. АН СССР$v[Вып. 1] _98006625 _cМосква _d1977 _f[предисл. Н.Н. Моисеева, чл.-кор. АН СССР _nЗнание _oсборник _tЧисло и мысль _v[Вып. 1] |
|
| 801 | 0 |
_aRU _bNLR _gpsbo |
|
| 801 | 1 |
_aRU _bELAR _2rusmarc |
|
| 852 |
_aNLR _j77-3/6893 |
||
| 942 | _cBOOK | ||
| 980 | _aNB | ||